Länder, die mit E Enden - Statistiken

Allgemein
  • Dieses Quiz wurde 709 mal gespielt
    677 seit der letzten Aktualisierung
  • Das Durchschnittsergebnis liegt bei 3 aus 11
Antwortstatistiken
Länder % Korrekt
Chile
57%
Belize
52%
Suriname
43%
Ukraine
33%
Elfenbeinküste
32%
Vereinigte Arabische Emirate
26%
Kap Verde
21%
São Tomé und Príncipe
21%
Sierra Leone
20%
Neiderlande
2%
Timor Leste
2%
Keine übereinstimmenden Quizze gefunden
Verteilung der Resultate
Anzahl Personen mit jedem Resultat
Perzentil nach korrekt beantworteten Fragen
Ihre Resultats-Entwicklung
Sie haben dieses Quiz seit der letzten Aktualisierung nicht gespielt